Ultrafine WC-6% Co Alloy Powders Functioning as GTL Catalysts; AIP Conference Proceedings; Vol. 2167 : Advanced Materials with Hierarchical Structure for New Technologies and Reliable Structures 2019 (AMHS'19)
| Parent link: | AIP Conference Proceedings Vol. 2167 : Advanced Materials with Hierarchical Structure for New Technologies and Reliable Structures 2019 (AMHS'19).— 2019.— [020278, 4 p.] |
|---|---|
| 1. Verfasser: | |
| Körperschaften: | , |
| Weitere Verfasser: | , |
| Zusammenfassung: | Title screen The paper examines the catalytic activity of WC-6% Co alloy powders resulting from electropulse dispersion of alloy chips during the Fischer-Tropsch process (FTP) to obtain liquid hydrocarbons. The experiments were carried out under the pressure ranging from 0.2 to 1.0 MPa and the total consumption of reagents amounting to 120 cm3 /min at different temperatures. The optimal synthesis temperature was 200-220°C and the pressure was 0.2 MPa. The resulting liquid product of synthesis was a mixture of wide spectrum hydrocarbons with the highest content of paraffin. The mixture of liquid hydrocarbons is suitable for further processing with a view to refining and improving the service properties. Режим доступа: по договору с организацией-держателем ресурса |
| Sprache: | Englisch |
| Veröffentlicht: |
2019
|
| Schlagworte: | |
| Online-Zugang: | https://doi.org/10.1063/1.5132145 |
| Format: | Elektronisch Buchkapitel |
| KOHA link: | https://koha.lib.tpu.ru/cgi-bin/koha/opac-detail.pl?biblionumber=661535 |
MARC
| LEADER | 00000naa2a2200000 4500 | ||
|---|---|---|---|
| 001 | 661535 | ||
| 005 | 20260203141752.0 | ||
| 035 | |a (RuTPU)RU\TPU\network\32158 | ||
| 035 | |a RU\TPU\network\32157 | ||
| 090 | |a 661535 | ||
| 100 | |a 20200110d2019 k||y0rusy50 ba | ||
| 101 | 0 | |a eng | |
| 135 | |a drcn ---uucaa | ||
| 181 | 0 | |a i | |
| 182 | 0 | |a b | |
| 200 | 1 | |a Ultrafine WC-6% Co Alloy Powders Functioning as GTL Catalysts |f V. A. Pivovar, E. V. Popok, S. P. Zhuravkov | |
| 203 | |a Text |c electronic | ||
| 300 | |a Title screen | ||
| 320 | |a [References: 5 tit.] | ||
| 330 | |a The paper examines the catalytic activity of WC-6% Co alloy powders resulting from electropulse dispersion of alloy chips during the Fischer-Tropsch process (FTP) to obtain liquid hydrocarbons. The experiments were carried out under the pressure ranging from 0.2 to 1.0 MPa and the total consumption of reagents amounting to 120 cm3 /min at different temperatures. The optimal synthesis temperature was 200-220°C and the pressure was 0.2 MPa. The resulting liquid product of synthesis was a mixture of wide spectrum hydrocarbons with the highest content of paraffin. The mixture of liquid hydrocarbons is suitable for further processing with a view to refining and improving the service properties. | ||
| 333 | |a Режим доступа: по договору с организацией-держателем ресурса | ||
| 461 | 1 | |0 (RuTPU)RU\TPU\network\4816 |t AIP Conference Proceedings | |
| 463 | 1 | |0 (RuTPU)RU\TPU\network\31884 |t Vol. 2167 : Advanced Materials with Hierarchical Structure for New Technologies and Reliable Structures 2019 (AMHS'19) |o Proceedings of the International Conference, 1–5 October 2019, Tomsk, Russia |f National Research Tomsk Polytechnic University (TPU) ; Institute of Strength Physics and Materials Science SB RAS (Russia) ; eds. V. E. Panin ; S. G. Psakhie ; V. M. Fomin |v [020278, 4 p.] |d 2019 | |
| 610 | 1 | |a электронный ресурс | |
| 610 | 1 | |a труды учёных ТПУ | |
| 610 | 1 | |a порошки | |
| 610 | 1 | |a сплавы | |
| 610 | 1 | |a каталитическая активность | |
| 610 | 1 | |a процесс Фишера-Тропша | |
| 610 | 1 | |a жидкие углеводороды | |
| 610 | 1 | |a парафины | |
| 610 | 1 | |a рафинирование | |
| 610 | 1 | |a эксплуатационные свойства | |
| 700 | 1 | |a Pivovar |b V. A. | |
| 701 | 1 | |a Popok |b E. V. |c Chemical Engineer |c Associate Professor of Tomsk Polytechnic University, Candidate of technical sciences |f 1987- |g Evgeniy Vladimirovich |3 (RuTPU)RU\TPU\pers\33869 |9 17458 | |
| 701 | 1 | |a Zhuravkov |b S. P. |c chemist |c Leading Researcher, Associate Professor of Tomsk Polytechnic University, Candidate of Chemical Sciences |f 1961- |g Sergey Petrovich |3 (RuTPU)RU\TPU\pers\31297 |9 15475 | |
| 712 | 0 | 2 | |a Национальный исследовательский Томский политехнический университет |b Инженерная школа природных ресурсов |b Отделение химической инженерии |3 (RuTPU)RU\TPU\col\23513 |
| 712 | 0 | 2 | |a Национальный исследовательский Томский политехнический университет |b Управление проректора по научной работе и инновациям |b Инжиниринговый центр |3 (RuTPU)RU\TPU\col\22638 |
| 801 | 2 | |a RU |b 63413507 |c 20200110 |g RCR | |
| 856 | 4 | |u https://doi.org/10.1063/1.5132145 | |
| 942 | |c CF | ||